000 00518nam a22002057a 4500
999 _c35959
_d35959
003 OSt
005 20230329111209.0
008 230329b ||||| |||| 00| 0 spa d
020 _a0-671--41636-7
040 _cBiblioteca Ernesto Sábato
092 _a813
_bR633
_eEYDI
100 _aRobbins, Harold
245 _aSpell-binder
260 _aNew York
_bPocket books
_c1983
300 _a378 p.
440 _aFiction
_n; 0-671
650 _aNOVELA NORTEAMERICANA
650 _aNOVELA ROMANTICA
942 _2ddc
_cEYDI